000
00230nam a22000857a 4500
008
160928b xxu||||| |||| 00| 0 eng d
100
_9
802
_a
Wilson.K.etal.
245
_a
English Course-4
260
_a
New Delhi
_b
S. Chand Publications
_c
2012
999
_c
3456
_d
3456